Statistics for Every Star Wars Movie and Show Series

Click here to take the quiz!

General Stats

  • This quiz has been taken 9 times
  • The average score is 13 of 15

Answer Stats

HintAnswer% Correct
MovieA New Hope
100%
MovieAttack of the Clones
100%
MovieReturn of the Jedi
100%
MovieRevenge of the Sith
100%
MovieRogue One
100%
MovieSolo
100%
ShowThe Clone Wars
100%
MovieThe Empire Strikes Back
100%
ShowRebels
88%
MovieRise of Skywalker
88%
MovieThe Force Awakens
88%
MovieThe Last Jedi
88%
MovieThe Phantom Menace
88%
ShowThe Mandalorian
63%
ShowResistance
38%

Score Distribution

Percentile by Number Answered

Percent of People with Each Score

Your Score History

You have not taken this quiz